000 01450nam a22003494a 4500
001 ebr10171792
003 CaPaEBR
006 m u
007 cr cn|||||||||
008 050412s2005 ne ab sb 001 0 eng
010 _z 2005047111
020 _z9004145389 (hard : alk. paper)
040 _aCaPaEBR
_cCaPaEBR
035 _a(OCoLC)191935691
050 1 4 _aBS1171.3
_b.H55 2005eb
082 0 4 _a221.6/0939/43
_222
100 1 _aHill, Robert C.
_q(Robert Charles),
_d1931-
245 1 0 _aReading the Old Testament in Antioch
_h[electronic resource] /
_cby Robert C. Hill.
260 _aLeiden ;
_aBoston :
_bBrill,
_c2005.
300 _axii, 220 p. :
_b1 map.
490 1 _aBible in ancient Christianity,
_x1542-1295 ;
_vv. 5
504 _aIncludes bibliographical references and indexes.
533 _aElectronic reproduction.
_bPalo Alto, Calif. :
_cebrary,
_d2013.
_nAvailable via World Wide Web.
_nAccess may be limited to ebrary affiliated libraries.
630 0 0 _aBible.
_pO.T.
_xCriticism, interpretation, etc.
650 0 _aChristianity
_xOrigin.
650 0 _aChurch history
_yPrimitive and early church, ca. 30-600.
651 0 _aAntioch (Turkey)
_xChurch history.
655 7 _aElectronic books.
_2local
710 2 _aebrary, Inc.
830 0 _aBible in ancient Christianity ;
_vv. 5.
856 4 0 _uhttp://site.ebrary.com/lib/rucke/Doc?id=10171792
_zAn electronic book accessible through the World Wide Web; click to view
999 _c249377
_d249377